00377nam a2200145Ia 4500008004100000041000800041082001600049100001500065245005600080250001300136260002400149300002700173365001600200700001500216230719s9999 xx 000 0 und d aeng a363.25bBRI aBritz M.T. aComputer Forensics And Cyber CrimebAn Introduction a 2nd ed. c2009bPrentice Hall a380dRef 73 IT (39761) cRs.b197.00 aBritz M.T.